The big book of illustration ideas /

Bibliographic Details
Other Authors: Walton, Roger
Format: Book
Language:English
Published: New York, NY : Harper Design International, 2004.
Subjects:

MARC

Tag First Indicator Second Indicator Subfields
LEADER 00000cam a22000008a 4500
001 in00002010608
005 20151031144943.0
008 031112s2004 nyua r 000 0 eng
015 |a GBA4-Z9969 
020 |a 0060560304 
035 |a (OCoLC)ocm53871045 
040 |a UKM  |c UKM  |d OCLCQ  |d TXA  |d UtOrBLW 
049 |a TXAM 
082 0 4 |a 741.60922  |2 21 
090 |a NC998.4  |b .B535 2004 
245 0 4 |a The big book of illustration ideas /  |c general editor, Roger Walton. 
264 1 |a New York, NY :  |b Harper Design International,  |c 2004. 
300 |a 384 pages :  |b color illustrations ;  |c 28 cm. 
336 |a text  |b txt  |2 rdacontent 
337 |a unmediated  |b n  |2 rdamedia 
338 |a volume  |b nc  |2 rdacarrier 
500 |a Conceived, created, and designed by Duncan Baird Publishers Ltd, London. 
500 |a Includes index. 
650 0 |a Commercial art. 
650 0 |a Graphic arts. 
650 0 |a Illustrators. 
700 1 |a Walton, Roger. 
948 |a cataloged  |b h  |c 2004/12/2  |d c  |e jgreene  |f 3:11:41 pm 
994 |a E0  |b TXA 
999 |a MARS 
999 f f |s 39d163e0-2b61-3074-b81c-f2fab12ea5af  |i 79cd5163-5420-38bb-be5d-ca0724ebd753  |t 0 
952 f f |p normal  |a Texas A&M University  |b College Station  |c Sterling C. Evans Library  |d Evans: Library Stacks  |t 0  |e NC998.4 .B535 2004  |h Library of Congress classification  |i unmediated -- volume  |m A14831613184 
998 f f |a NC998.4 .B535 2004  |t 0  |l Evans: Library Stacks